Quizzes
Events
Quiz Creation
Community
Videos
Private Events
Remove Ads
Sign In
Join for FREE
Feedback
Dark Mode
Quiz Categories
Sports
Geography
Music
Movies
Television
Just For Fun
Miscellaneous
History
Literature
Language
Science
Gaming
Entertainment
Religion
Holiday
For Kids
Quiz Lab
Recent
Popular Today
Quiz Kudos Today
Editor Picks
Curator Picks
Quizzes by...
Day
Popularity
Type
Ratings
Length
Year
Community
Subscriptions
Recent Discussions
Orange Saloon
Badges
Playlists
Quests
Create
Leaderboards
Showdown
Live 5
Trivia Bingo
Activity
Puzzle Library
Sporcle Events
Private Events
Virtual Trivia
Globe League
Become a Host
Pub Owners
SporcleCon
Opinionation
Our Games
Videos
Blog
Mobile Apps
Partnerships
Remove Ads and Go Orange
Feedback
Music
Pop Music
The Beatles
Song
Album
Lyrics
Bands
Singers
Artist
Clip
Rock
Rap
Classical
Billboard
Country Music
Kpop
Taylor Swift
Music
Pop Music
The Beatles
Song
Album
Lyrics
Bands
Singers
Artist
Clip
Rock
Rap
Classical
Billboard
Country Music
Kpop
Taylor Swift
Random Quiz
Search Sporcle
×
Editor Pick
Editor Pick
Music
Song
Type in answers that appear in a list
Type in answers that appear in a list
Classic
Best Score? Go Orange.
Elvis Presley Top 40 Hits Stats
Can you name the Elvis Presley songs that have made the Top 40 in the US?
By
dudemanbearpig
11m
106 Questions
3,618 Plays
3,618 Plays
3,618 Plays
Comments
Comments
Give Quiz Kudos
Give Quiz Kudos
-
- Ratings
hide this ad
Replay
Link that replays current quiz
Next Quiz
Link to next quiz in quiz playlist
You Got
0%
They Got
Avg Score
43%
Avg Friend Score
Upgrade to see
Score Distribution
Jump to the score distribution portion of the page
Score
0/106
Timer
11:00
0
Plays Today
Year Released
Song
% Correct
1957
Jailhouse Rock
89.7%
1956
Hound Dog
86.8%
1956
Love Me
85.1%
1956
Heartbreak Hotel
84.7%
1956
Love Me Tender
82.1%
1958
Don't
80.2%
1969
Suspicious Minds
79.9%
1956
Blue Suede Shoes
77.5%
1969
In the Ghetto
75.5%
1964
Blue Christmas
72.6%
1956
Don't Be Cruel
72.1%
1957
(Let Me Be Your) Teddy Bear
71%
1957
All Shook Up
70.5%
1972
Burning Love
68.6%
1964
Viva Las Vegas
66.9%
1962
Return to Sender
66.6%
1960
Are You Lonesome Tonight?
66.3%
1961
Can't Help Falling in Love
63.6%
1960
It's Now or Never
61.3%
1965
Crying in the Chapel
56.8%
1977
Way Down
54%
1956
I Want You, I Need You, I Love You
53.9%
1977
My Way
53.9%
1970
Kentucky Rain
53.6%
1976
Moody Blue
53.3%
1970
The Wonder of You
52.9%
1960
Stuck on You
52.9%
1961
Surrender
52.6%
1957
Loving You
52.2%
1962
Good Luck Charm
51.9%
1968
If I Can Dream
51.6%
1961
(Marie's the Name) His Latest Flame
51.5%
1958
Hard Headed Woman
50%
1969
Don't Cry Daddy
49.9%
1981
Guitar Man
49.9%
1959
A Big Hunk o' Love
49.3%
Year Released
Song
% Correct
1975
T-R-O-U-B-L-E
48.7%
1963
(You're the) Devil in Disguise
48.1%
1961
Little Sister
47.7%
1957
Too Much
47.5%
1958
One Night
45.8%
1957
Treat Me Nice
45.2%
1958
Wear My Ring Around Your Neck
43.3%
1956
I Was the One
41.9%
1963
Bossa Nova Baby
41.4%
1957
Peace in the Valley
40.8%
1958
I Got Stung
40.8%
1964
Kissin' Cousins
40.5%
1976
Hurt
39.5%
1959
(Now Then and There's) A Fool Such as I
39.5%
1969
Memories
39.4%
1961
Flaming Star
38.5%
1975
My Boy
38%
1966
Love Letters
37.2%
1962
She's Not You
37%
1962
Follow That Dream
36.7%
1956
Any Way You Want Me (That's How I Will Be)
36.6%
1966
Frankie and Johnny
36.5%
1960
A Mess of Blues
36.4%
1961
Wild in the Country
36.3%
1966
Spinout
36.3%
1967
Big Boss Man
36%
1960
Fame and Fortune
35.5%
1974
Promised Land
35.5%
1968
U.S. Male
35.4%
1956
My Baby Left Me
34.2%
1973
Steamroller Blues
34.1%
1972
Separate Ways
33.7%
1962
Rock-a-Hula Baby
33.6%
1970
You Don't Have to Say You Love Me
33.6%
1956
Poor Boy
33.5%
1965
Puppet on a String
33.4%
Year Released
Song
% Correct
1964
Such a Night
33.2%
1969
Clean Up Your Own Backyard
32.6%
1964
It Hurts Me
32.3%
1959
I Need Your Love Tonight
32%
1966
If Every Day Was Like Christmas
31.8%
1958
I Beg of You
31%
1962
King of the Whole Wide World
31%
1964
What'd I Say
30.1%
1958
Don't Ask Me Why
29.9%
1964
Ask Me
29.8%
1963
Witchcraft
29.5%
1956
When My Blue Moon Turns to Gold Again
29.2%
1961
Lonely Man
28.7%
1958
Doncha' Think It's Time
28.7%
1964
Kiss Me Quick
28.7%
1965
Do the Clam
28.5%
1967
Indescribably Blue
28.4%
1957
Playing for Keeps
27.8%
1963
One Broken Heart for Sale
27.6%
1960
I Gotta Know
27.1%
1962
Anything That's Part of You
27%
1970
I've Lost You
26.4%
1964
Ain't That Loving You Baby
26.4%
1966
Tell Me Why
26.1%
1972
Until It's Time for You to Go
25.6%
1974
I've Got a Thing About You Baby
25.6%
1974
If You Talk in Your Sleep
25.2%
1971
I'm Leavin'
24.7%
1961
I Feel So Bad
24.6%
1965
I'm Yours
24.5%
1959
My Wish Came True
24.4%
1970
I Really Don't Want to Know
24%
1971
Where Did They Go, Lord
23.5%
1965
(Such an) Easy Question
23.3%
Quiz Playlist
Details
Report
Send in Message
Add To Playlist
Classic:
Type in answers that appear in a list
Quiz Source
Last Updated: Sep 14, 2018
Editor Pick in
Music
Quiz Scoreboard
CHALLENGE
Sign Up to Join the Scoreboard
Show All
Scores
Hide
Comments
May contain spoilers
Recently Published
Movies - When Are They Set?
by FPL_Elf
Movies
5m
Popular People in 1961
by mucciniale
History
6m
1-10 Letter E Words III
by El_Dandy
Language
2m
More to Explore
Quiz From the Vault
Featured Blog Post
Where Did the Easter Bunny Come From?
hide this ad
You Might Also Like...
Tags
Football Quiz
Song Quiz
Charted
Elvis Presley
hit
Levi
Presley
Released
Top 40
Today's Top Quizzes in Music
Browse Music
hide this ad
Today's Top Quizzes in Song
Browse Song
Top Contributed Quizzes in Music
1
Taylor Swift All Songs (2024)
2
2010s Album by Cover III
3
Guess the Artist- 70s Songs
4
One Thing in Common: Music
5
Taylor Swift Logic Puzzle
6
Guess the Taylor Swift song (Mystery Song)
7
2010s Album by Cover IV
8
2010s Album by Cover V
9
KPOP LOGIC QUIZ
10
Kpop Logic Quiz
Explore More
Trending Topics
Anime
Kpop
Crossword
Marvel
NBA
Harry Potter
Disney
NFL
Soccer
WWE
The Office
Puzzle
Country
Pokémon
Song
hide this ad
More By:
dudemanbearpig
Quiz
Plays
Rating
Category
Featured
Created
WWE Royal Rumble Final Four
309,010
4.45
Sports
Dec 1, 2009
Top 50 Females in Harry Potter
137,450
4.67
Literature
May 10, 2012
Top 25 Non-Humans in Harry Potter
68,936
4.83
Literature
Apr 30, 2012
WrestleMania: 5+ in a Row
63,493
4.54
Sports
Apr 3, 2012
Black WWE PPV Competitors
14,898
4.34
Sports
Nov 6, 2011
Go to Creator's Profile
Score Distribution
Quiz Creator Spotlight
dudemanbearpig
Follow
Send a Message
Quizzes Created
-
Created Quiz Play Count
-
More By This Creator
Popular Quizzes Today
1
Find the Countries of Europe - No Outlines Minefield
2
Find the US States - No Outlines Minefield
3
The Countries of the World
4
Popular People in 1961
5
US States
6
1-10 Letter E Words III
7
Find the US States
8
One Thing in Common: World Cities II
More Music Quizzes
Bruno Mars Songs
Quiz Lab
Trending Quizzes
Risky Map Clicking: Least Populous States A-Z
1-10 Letter F Words
1-10 Letter G Words
One Thing in Common: United Kingdom
Risky Map Clicking: Next State Alphabetically
Recently Updated
Leaping Animals
pecheneg
Reality TV Shows (A-Z)
bhenderson79
Rickey Henderson's Hall of Fame Teammates
pecheneg
Champions League XIs: Arsenal
pecheneg
Quick Pick: Celebrities in WWE's Hall of Fame
aduchscher
A-Z Keypad Blitz II
pecheneg
Multiple Oscar Actors
pecheneg
Mystery Phrase Blitz: Oscar 'Best Actors'
pecheneg
F. Scott Fitzgerald Novels
LTH
Pick 3 Villains
ddd62291
Trending Topics
Harry Potter
Anime
Kpop
Disney
Crossword
NBA
Marvel
Song
Soccer
Pokémon
Puzzle
The Office
NFL
WWE
Country
Your Account Isn't Verified!
In order to create a playlist on Sporcle, you need to verify the email address you used during registration. Go to your
Sporcle Settings
to finish the process.
Report this User
Report this user for behavior that violates our
Community Guidelines
.
Details:
Send Report
Go to the Sporcle.com Mobile Site →
Comments